A Short History of Pakistan (Record no. 11645)
[ view plain ]
| 000 -LEADER | |
|---|---|
| fixed length control field | 00352nam a22001457a 4500 |
| 020 ## - INTERNATIONAL STANDARD BOOK NUMBER | |
| International Standard Book Number | 9694040086 |
| 082 ## - DEWEY DECIMAL CLASSIFICATION NUMBER | |
| Classification number | 954.9 QUR |
| 100 ## - MAIN ENTRY--PERSONAL NAME | |
| Personal name | Quresshi, I.H. |
| 245 ## - TITLE STATEMENT | |
| Title | A Short History of Pakistan |
| 260 ## - PUBLICATION, DISTRIBUTION, ETC. | |
| Place of publication, distribution, etc. | Karachi |
| Name of publisher, distributor, etc. | University of Karachi |
| Date of publication, distribution, etc. | 2006 |
| 300 ## - PHYSICAL DESCRIPTION | |
| Extent | 294p. : |
| Accompanying material | 25 cm |
| 650 ## - SUBJECT ADDED ENTRY--TOPICAL TERM | |
| Topical term or geographic name entry element | History of Pakistan |
| 700 ## - ADDED ENTRY--PERSONAL NAME | |
| Personal name | I.H. Quresshi, |
| 942 ## - ADDED ENTRY ELEMENTS (KOHA) | |
| Koha item type | Book |
| Withdrawn status | Lost status | Damaged status | Not for loan | Collection code | Permanent Location | Current Location | Shelving location | Date acquired | Source of acquisition | Cost, normal purchase price | Total Checkouts | Total Renewals | Full call number | Barcode | Date last seen | Date last checked out | Price effective from | Koha item type |
|---|---|---|---|---|---|---|---|---|---|---|---|---|---|---|---|---|---|---|
| Central Library (CL) | Central Library (CL) | General Stacks | 03/22/2013 | Allied Book Company | 300.00 | 4 | 1 | 954.9 QUR | SEECS012147 | 01/19/2021 | 01/19/2021 | 03/25/2013 | Book | |||||
| Central Library (CL) | Central Library (CL) | General Stacks | 07/30/2008 | 3 | 954.9 QUR | SEECS009200 | 12/25/2021 | 11/21/2021 | 02/11/2015 | Book |
